[Event "Try a little strange...opening?   "]
[Site "SchemingMind.com"]
[Date "2019.02.25"]
[Round "-"]
[White "flyinduck"]
[Black "private napoleon"]
[Result "1-0"]
[WhiteCountry "CAN"]
[BlackCountry "ENG"]
[WhiteElo "2067"]
[WhiteRD "64"]
[BlackElo "1820"]
[BlackRD "92"]
[GameID "438630"]

1. a3 g6 2. e4 Bg7 3. d4 d6 4. Nc3 Nf6 5. Nf3 O-O 6. Bg5 Nbd7 7. Qd2 a5 8. O-O-O c6 9. e5 Ne8 10. Bh6 b5
11. Bxg7 Kxg7 12. h4 Nb6 13. h5 Rh8 14. hxg6 h6 15. gxf7 Kxf7 16. Rxh6 Rxh6 17. Qxh6 e6 18. Ng5+
1-0

[Event "Try a little strange...opening?   "]
[Site "SchemingMind.com"]
[Date "2019.03.01"]
[Round "-"]
[White "flyinduck"]
[Black "JAHI"]
[Result "1-0"]
[WhiteCountry "CAN"]
[BlackCountry "INT"]
[WhiteElo "2047"]
[WhiteRD "63"]
[BlackElo "1975"]
[BlackRD "72"]
[GameID "438631"]

1. a3 f6 2. e4 e6 3. d4 f5 4. exf5 exf5 5. Bd3 d6 6. Nf3 c6 7. O-O Qc7 8. Re1+ Kd8 9. Ng5 Nf6 10. Nc3 d5
11. Ne6+ Bxe6 12. Rxe6 Bd6 13. Bxf5 Bxh2+ 14. Kh1 Bf4 15. Qf3 Bxc1 16. Rxc1 Re8 17. Rxe8+ Nxe8 18. Ne2 Qf7 19. Qg4 g6 20. Be6 Qxf2
21. Ng3 Qe3 22. Rf1 Nd6 23. Qh4+ g5 24. Qh6 Qxg3 25. Qg7 Qh4+ 26. Kg1 Ne8 27. Qxb7 Qxd4+ 28. Kh1
1-0

[Event "Try a little strange...opening?   "]
[Site "SchemingMind.com"]
[Date "2019.02.27"]
[Round "-"]
[White "JAHI"]
[Black "flyinduck"]
[Result "1-0"]
[WhiteCountry "INT"]
[BlackCountry "CAN"]
[WhiteElo "1897"]
[WhiteRD "69"]
[BlackElo "2036"]
[BlackRD "68"]
[GameID "438632"]

1. a3 d5 2. c3 e5 3. c4 Nf6 4. cxd5 Nxd5 5. Nc3 c5 6. Nxd5 Qxd5 7. e3 Nc6 8. h3 Be6 9. h4 f6 10. Nh3 Be7
11. d3 Rd8 12. Bd2 O-O 13. h5 Rfe8 14. h6 g6 15. f3 f5 16. Nf2 Bf7 17. g3 Bf6 18. Bg2 c4 19. dxc4 Qxc4 20. Rh3 Rd7
21. Qc1 Qxc1+ 22. Rxc1 Red8 23. Bc3 Be7 24. f4 e4 25. g4 Bf8 26. gxf5 gxf5 27. Rg3+ Bg6 28. Nxe4 fxe4 29. f5 Ne7 30. Bxe4 Bxh6
31. fxg6 hxg6 32. Bxg6 Nxg6 33. Rxg6+ Kh7 34. Rg3 Rg8 35. Rxg8 Kxg8 36. Ke2 Kf7 37. Rg1 Rd6 38. e4 Rg6 39. Rxg6 Kxg6 40. Kd3 Kf7
41. Kc4 Ke6 42. Bd4 a6 43. Kc5 Kd7 44. Kb6 Kc8 45. e5 Bg7 46. Bc3
1-0

[Event "Try a little strange...opening?   "]
[Site "SchemingMind.com"]
[Date "2019.02.25"]
[Round "-"]
[White "flyinduck"]
[Black "Keithk"]
[Result "0-1"]
[WhiteCountry "CAN"]
[BlackCountry "ENG"]
[WhiteElo "2075"]
[WhiteRD "61"]
[BlackElo "2553"]
[BlackRD "67"]
[GameID "438633"]

1. a3 e5 2. e4 Nf6 3. Nc3 Bc5 4. Nf3 d6 5. Bc4 Nc6 6. d3 O-O 7. Bg5 h6 8. Bh4 Nd4 9. Nxd4 Bxd4 10. Bxf6 Qxf6
11. O-O c6 12. Rb1 b5 13. Bb3 Bb7 14. Ne2 Bb6 15. Kh1 d5 16. f4 dxe4 17. dxe4 Rad8 18. Qe1 c5 19. fxe5 Qxe5 20. Ng3 c4
21. Ba2 g6 22. c3 h5 23. Rd1 h4 24. Nf5 Rxd1 25. Qxd1 Qxe4
0-1

[Event "Try a little strange...opening?   "]
[Site "SchemingMind.com"]
[Date "2019.02.28"]
[Round "-"]
[White "Keithk"]
[Black "flyinduck"]
[Result "1-0"]
[WhiteCountry "ENG"]
[BlackCountry "CAN"]
[WhiteElo "2553"]
[WhiteRD "67"]
[BlackElo "2075"]
[BlackRD "61"]
[GameID "438634"]

1. a3 e5 2. e4 f5 3. exf5 Nf6 4. d3 d5 5. g4 g6 6. g5 Nh5 7. f6 Be6 8. d4 exd4 9. Nf3 Nc6 10. Nxd4 Nxd4
11. Qxd4 Kf7 12. Nc3 c6 13. Be3 c5 14. Qa4 d4 15. O-O-O Qc8 16. Bxd4 cxd4 17. Re1 Nf4 18. Qxd4 Qc7 19. Nb5 Qb8 20. Rxe6 Kxe6
21. Qe4+ Kd7 22. Bc4
1-0